Aunt Julia and the Scriptwriter / (Record no. 54267)

MARC details
000 -LEADER
fixed length control field 01902naa a2200289 4500
005 - DATE AND TIME OF LATEST TRANSACTION
control field 20110725101339.0
010 ## - LCCN (DPL NO)
LC control number B-427779-785
020 ## - INTERNATIONAL STANDARD BOOK NUMBER
International Standard Book Number 978057116777
Terms of availability 299.00
035 ## - SYSTEM CONTROL NUMBER
System control number B-427779-785
037 ## - SOURCE OF ACQUISITION
Source of stock number/acquisition Faber and Faber
082 ## - DEWEY DECIMAL CLASSIFICATION NUMBER
Classification number N
100 ## - MAIN ENTRY--PERSONAL NAME
Personal name Llosa, Mario Vargas
245 1# - TITLE STATEMENT
Title Aunt Julia and the Scriptwriter /
Statement of responsibility, etc by Mario Vargas Llosa; translated by Helen R. Lane
260 ## - PUBLICATION, DISTRIBUTION, ETC. (IMPRINT)
Place of publication, distribution, etc London
Name of publisher, distributor, etc Faber and Faber
Date of publication, distribution, etc 2002
270 ## - ADDRESS
Address Bloomsbury House, 74-77 Great Russell Street
City London
300 ## - PHYSICAL DESCRIPTION
Extent 410p.
Dimensions 22cm (Pbk)
700 ## - ADDED ENTRY--PERSONAL NAME
Personal name Lane, Helen R.
9 (RLIN) 30005
942 ## - ADDED ENTRY ELEMENTS (KOHA)
Institution code [OBSOLETE] dpl
Item type English Books
Source of classification or shelving scheme Dewey Decimal Classification
Call number suffix LLO
Holdings
Withdrawn status Lost status Not for loan Collection code Home library Current library Date acquired Source of acquisition Cost, normal purchase price Full call number Barcode Copy number Cost, replacement price Koha item type
      Fiction Central Library Central Library 02/08/2011 Allied Publishers/CR/0002777/16.3.11/75/4.3.11/30.3.11 299.00 LLO B-427779 1 299.00 English Books
      Fiction Janak Puri Janak Puri 02/08/2011 Allied Publishers/CR/0002777/16.3.11/75/4.3.11/30.3.11 299.00 LLO B-427781 1 299.00 English Books
      Fiction Karol Bagh Karol Bagh 02/08/2011 Allied Publishers/CR/0002777/16.3.11/75/4.3.11/30.3.11 299.00 LLO B-427784 1 299.00 English Books
      Fiction Patel Nagar Patel Nagar 02/08/2011 Allied Publishers/CR/0002777/16.3.11/75/4.3.11/30.3.11 299.00 LLO B-427780 1 299.00 English Books
      Fiction Sarojini Nagar Sarojini Nagar 02/08/2011 Allied Publishers/CR/0002777/16.3.11/75/4.3.11/30.3.11 299.00 LLO B-427782 1 299.00 English Books
  Written-off vide DLB M. No. 383 dt 16.05.19   Fiction Shahdara Branch Shahdara Branch 02/08/2011 Allied Publishers/CR/0002777/16.3.11/75/4.3.11/30.3.11 299.00 LLO B-427785 1 299.00 English Books
  Written-off vide DLB M. No. 383 dt 16.05.19   Fiction Vinoba Puri Vinoba Puri 02/08/2011 Allied Publishers/CR/0002777/16.3.11/75/4.3.11/30.3.11 299.00 LLO B-427783 1 299.00 English Books

© Delhi Public Library
Hit Counter
free hit counter